000
00339nam a2200133 a 4500
005
20140412111413.0
008
070703s19uu xx 00 eng d
020
_a
0-87449-766-3
050
_a
ER
_b
Bu982
245
_a
A butterfly doesn't waddle.
260
_a
Canada :
_b
Modern publishing.
440
_a
Honey bear book
999
_c
105750
_d
105750